| 000 | 00624cam a22002173a 4500 | ||
|---|---|---|---|
| 001 | 36832 | ||
| 003 | PGUSA | ||
| 005 | 20140828083815.0 | ||
| 008 | 110724s2011||||xxu|||||s|||||000 | eng d | ||
| 040 |
_aPGUSA _beng |
||
| 042 | _adc | ||
| 100 | 1 |
_aCrump, Irving, _d1887-1979 |
|
| 245 | 1 | 0 |
_aConscript 2989 : _bExperiences of a Drafted Man _h[electronic resource] / _cIrving Crump |
| 260 |
_bProject Gutenberg, _c2011 |
||
| 506 | _aPublic domain in the USA. | ||
| 516 | _aElectronic text | ||
| 700 | 1 | _aMartin, H. B. | |
| 830 | 0 |
_aProject Gutenberg _v36832 |
|
| 856 | 4 | 0 | _uhttp://www.gutenberg.org/ebooks/36832 |
| 942 | _cEB | ||
| 999 |
_c266087 _d266087 |
||